00381pab a2200121 454500008004500000100003100045245007600076260001400152300001300166650003600179650001800215773002600233180718b1998-2001 xxu||||| |||| 00| 0 eng d aSailo, Michael Lalrinsanga aThe legal system in Mizoram: before and after the advent of the British c1998-2001 ap.12-30. aLegal systems - India - Mizoram aLegal systems aAdministrative Review